| 000 | 01286nam a2200217Ia 4500 | ||
|---|---|---|---|
| 003 | Ost | ||
| 005 | 20260507075029.0 | ||
| 008 | 260507s9999||||xx |||||||||||||| ||und|| | ||
| 020 | _a7200119957 | ||
| 040 | _cfsecg | ||
| 041 | _aara | ||
| 082 | _a330 | ||
| 100 |
_aعبد الله، خالد أمين _eمؤلف |
||
| 245 | 0 |
_aمحاسبة النفط / _c خالد أمين عبد الله |
|
| 260 |
_aعمان: _bدار وائل للنشر, _c2001 |
||
| 300 |
_a234 صفحة؛ _bإيضاحات ؛ _c24 سم |
||
| 520 | _aخصائص محاسبة النفط، الدليل المحاسبي في شركات انتاج النفط، مصروفات الإستكشاف والحصول على العقود الإمتياز، الألات و المعدات، الإهلاك في شركات انتاج النفط ، طبيعة الأصول المتناقصة وخصائصها، نفاذ الممتلكات المنتجة، العقود غير المطورة، مصاربف الحفر وإعداد بئر الإنتاج، تكلفة مراحل الإنتاج، التكاليف المشتركة في صناعة النفط، تصوير نتيجة النشاط وبيان المركز المالي | ||
| 653 | _aالبترول | ||
| 653 | _aمحاسبة- الشركات | ||
| 942 | _cكتاب | ||
| 999 |
_c42378 _d42378 |
||